| Tag |
First Indicator |
Second Indicator |
Subfields |
| LEADER |
00000cam a2200000 a 4500 |
| 001 |
in00002581821 |
| 005 |
20151201115305.0 |
| 008 |
090813s2010 enk b 001 0 eng |
| 010 |
|
|
|a 2009032856
|
| 020 |
|
|
|a 9780415559157 (cloth : alk. paper)
|
| 020 |
|
|
|a 0415559154 (cloth : alk. paper)
|
| 020 |
|
|
|a 9780203858516 (ebook)
|
| 020 |
|
|
|a 0203858514 (ebook)
|
| 035 |
|
|
|a (OCoLC)ocn433549323
|
| 035 |
|
|
|a (OCoLC)433549323
|
| 040 |
|
|
|a DLC
|c DLC
|d BTCTA
|d BWKUK
|d BWK
|d YDXCP
|d UtOrBLW
|
| 049 |
|
|
|a TXAM
|
| 050 |
0 |
0 |
|a JC311
|b .N2212 2010
|
| 082 |
0 |
0 |
|a 320.54
|2 22
|
| 245 |
0 |
0 |
|a Nationalism and democracy :
|b dichotomies, complementarities, oppositions /
|c edited by André Lecours and Luis Moreno.
|
| 264 |
|
1 |
|a London ;
|a New York :
|b Routledge,
|c 2010.
|
| 300 |
|
|
|a xi, 275 pages ;
|c 24 cm.
|
| 336 |
|
|
|a text
|b txt
|2 rdacontent
|
| 337 |
|
|
|a unmediated
|b n
|2 rdamedia
|
| 338 |
|
|
|a volume
|b nc
|2 rdacarrier
|
| 490 |
1 |
|
|a Routledge studies in nationalism and ethnicity
|
| 504 |
|
|
|a Includes bibliographical references and index.
|
| 650 |
|
0 |
|a Nationalism.
|
| 650 |
|
0 |
|a Democracy.
|
| 700 |
1 |
|
|a Lecours, André,
|d 1972-
|
| 700 |
1 |
|
|a Moreno Jerez, Luis.
|
| 830 |
|
0 |
|a Routledge studies in nationalism and ethnicity.
|
| 938 |
|
|
|a Baker and Taylor
|b BTCP
|n BK0008561982
|
| 938 |
|
|
|a Blackwell Book Service UK
|b BBUK
|n L3840588
|c 75.00
|
| 938 |
|
|
|a YBP Library Services
|b YANK
|n 100527063
|
| 945 |
|
|
|a PromptCat
|b 951723
|
| 946 |
|
|
|a stk
|
| 947 |
|
|
|a A14840289594
|
| 994 |
|
|
|a 92
|b TXA
|
| 948 |
|
|
|a cataloged
|b h
|d 2010/4/15
|h c
|e asalazar
|f 10:14:38 am
|
| 999 |
|
|
|a MARS
|
| 999 |
f |
f |
|s e51cd339-b58a-3965-8e9c-b4a9b13ad972
|i eb9ffc9d-dfc3-33e5-8659-70dddfb07681
|t 0
|
| 952 |
f |
f |
|p ric
|a Texas A&M University
|b Rellis Campus
|c Joint Library Facility
|d Remote Storage
|t 0
|e JC311 .N2212 2010
|h Library of Congress classification
|i unmediated -- volume
|m A14840289594
|
| 998 |
f |
f |
|a JC311 .N2212 2010
|t 0
|l Remote Storage
|